|
|
|
|
| LEADER |
00000cam a2200000 7i4500 |
| 001 |
0000086512 |
| 005 |
20210314.0 |
| 008 |
210314 |
| 020 |
|
|
|a 9789671629307
|
| 041 |
0 |
|
|a Tamil
|
| 090 |
0 |
0 |
|a 158.1
|b VEN
|
| 100 |
1 |
|
|a Venkatasamy
|
| 245 |
1 |
0 |
|a Kanavil pootha karpanai pookkal (Tamil) = Big dreams
|c Venkatasamy
|
| 260 |
|
|
|a Perlis :
|b Kamala Pathipagam ,
|c 2018
|
| 300 |
|
|
|a 128 p. :
|b ill. ;
|c 21.3 cm.
|
| 541 |
0 |
0 |
|a Purchased on 2020
|f 055 ARY
|h RM40.00
|
| 650 |
|
0 |
|a Success, Tamil
|
| 999 |
|
|
|a 0001655812
|b Book
|c Tamil Collection
|e Cawangan Tangkak
|
| 999 |
|
|
|a 0001655813
|b Book
|c Tamil Collection
|e Cawangan Pontian
|
| 999 |
|
|
|a 0001655814
|b Book
|c Tamil Collection
|e Cawangan Tmn. Ungku Tun Aminah
|
| 999 |
|
|
|a 0001655815
|b Book
|c Tamil Collection
|e Cawangan Mersing
|
| 999 |
|
|
|a 0001655816
|b Book
|c Tamil Collection
|e Cawangan Bandar Tenggara
|
| 999 |
|
|
|a 0001655817
|b Book
|c Tamil Collection
|e Cawangan Batu Pahat
|
| 999 |
|
|
|a 0001655818
|b Book
|c Tamil Collection
|e Cawangan Kota Tinggi
|
| 999 |
|
|
|a 0001655819
|b Book
|c Tamil Collection
|e Cawangan Taman Sri Lambak
|
| 999 |
|
|
|a 0001655820
|b Book
|c Tamil Collection
|e Cawangan Bandar Penawar
|
| 999 |
|
|
|a 0001655821
|b Book
|c Tamil Collection
|e Cawangan Segamat
|
| 999 |
|
|
|a 0001655823
|b Book
|c Tamil Collection
|e Cawangan Muar
|
| 999 |
|
|
|a 0001655824
|b Book
|c Tamil Collection
|e Cawangan Bukit Gambir
|
| 999 |
|
|
|a 0001655857
|b Book
|c Tamil Collection
|e Perbadanan Perpustakaan Awam Johor
|
| 999 |
|
|
|a 0001655858
|b Book
|c Tamil Collection
|e Cawangan Urban Transformation Centre
|
| 999 |
|
|
|a 0001655859
|b Book
|c Tamil Collection
|e Cawangan AEON Kulaijaya
|